000 00547nam a2200181 a 4500
001 000710540
003 AM-YeHGA
005 20250617142727.0
008 100203s1967 ||| r 000 0 rus d
040 _aAM-YeHGA
041 0 _arus
245 0 0 _aПарус /
_cСост. А.И. Дмитриев, А.Ф. Пономарев.
260 _aЧебоксары :
_bЧуваш. кн. изд-во,
_c1967.
300 _a183 с.
653 0 _aСоветская поэзия
700 1 _aДмитриев, А.И.
_eсост.
_4com
090 _c264337
999 _c262712
_d262712